[Event "RUS Cup Final Men 2017"]
[Site "Khanty-Mansiysk"]
[Date "2017.12.06"]
[Round "1.2"]
[White "Predke, Alekxandr"]
[Black "Shaposhnikov, Evgeny"]
[Result "0-1"]
[WhiteElo "2599"]
[BlackElo "2563"]
[Annotator "TA"]
[PlyCount "76"]
[EventDate "2017.??.??"]
[EventType "k.o."]
[EventCountry "RUS"]
[SourceTitle "playchess.com"]
[Source "ChessBase"]
[SourceQuality "1"]

{[%evp 30,76,51,50,38,48,39,42,53,23,22,26,23,34,34,0,0,0,0,0,0,-16,-23,-50,-47,-64,-81,-18,-16,-31,0,0,0,-592,-581,-550,-524,-891,-889,-829,-772,-12837,-12836,-12837,-12836,-12834,-12832,-1989,-520]} 1. d4 e6 2. e4 d5 3. Nc3 Nf6 4. e5 Nfd7 5. f4 c5 6. Nf3 Nc6 7. Be3 Qb6 8. Na4 Qa5+ 9. c3 b6 {[%cal Bb7b6,Bb6b5][%mdl 32]} 10. Bd2 c4 11. b4 Nxb4 {C11: French: Classical System: 4 e5 and 4 Bg5 dxe4} 12. cxb4 Bxb4 13. Qc2 Bxd2+ 14. Nxd2 b5 15. Nc3 {[%cal Ba4c3,Bc3d1,Bd1f2,Bf2g4,Bg4f6][%mdl 32]} O-O (15... b4 16. Nd1 f6 17. Nf3 fxe5 18. fxe5 Bb7 19. a3 {1-0 (34) Kokarev,D (2634)-Savchenko,B (2613) Khanty-Mansiysk 2016}) 16. Be2 {LiveBook: 4 Games} b4 17. Nd1 Qb6 18. Nf3 f6 19. Nf2 fxe5 20. fxe5 Nb8 $146 {[%cal Bd7b8,Bb8c6,Bc6e7,Be7f5,Bf5d4][%mdl 32]} ({Predecessor:} 20... Rxf3 21. Bxf3 Qxd4 {½-½ (104) Snape,I (2222)-Dilleigh,S (2038) Hastings 2016}) 21. Rd1 Nc6 $1 22. Qd2 Bd7 23. O-O a5 24. Ng4 Be8 25. Ng5 Rxf1+ 26. Kxf1 Ne7 27. Nf6+ $1 gxf6 28. exf6 Nf5 $36 {[%mdl 2048] And now ...c3 would win. Black has some pressure.} 29. g4 c3 30. Qc1 c2 ({Wrong is} 30... Nxd4 $2 {[#]} 31. Nf7 $1 $18 {[%mdl 512]}) 31. Rd3 $2 {[%mdl 8192]} (31. Re1 $1 $11 {and White has nothing to worry.} Qxd4 32. f7+ (32. gxf5 Qxf6 33. Bd3 e5 $11) 32... Bxf7 33. gxf5) 31... Nxd4 $19 {Black is clearly winning.} 32. Nxh7 {Qg5+ would kill now.} Bg6 33. Qh6 {[%csl Gf6][%cal Rh6g7] [#]} c1=Q+ $1 {[%mdl 512]} 34. Qxc1 Nxe2 ({Stronger than} 34... Kxh7 35. Rh3+ Bh5 36. Qg5 Nf5 37. Rxh5+ Nh6 38. Rxh6#) 35. Qh6 Qg1+ 36. Kxe2 Bxd3+ 37. Kd2 Qg2+ 38. Kxd3 Qe4+ {Precision: White = 63%, Black = 97%.} 0-1

[Event "RUS Cup Final Men 2017"]
[Site "Khanty-Mansiysk"]
[Date "2017.12.06"]
[Round "1.2"]
[White "Frolyanov, Dmitry"]
[Black "Gordievsky, Dmitry"]
[Result "0-1"]
[WhiteElo "2576"]
[BlackElo "2610"]
[Annotator "TA"]
[PlyCount "86"]
[EventDate "2017.??.??"]
[EventType "k.o."]
[EventCountry "RUS"]
[SourceTitle "playchess.com"]
[Source "ChessBase"]
[SourceQuality "1"]

{[%evp 15,86,38,34,40,41,0,0,8,7,-53,-54,-51,-54,-45,-55,-56,-54,-62,-60,-57,-53,-57,-50,-45,-31,-28,-35,-91,-105,-78,-39,-81,-71,-46,-53,-71,-63,-80,-85,-87,-84,-57,-44,-22,-31,-121,-113,-110,-122,-105,-70,-56,-31,-25,-22,-42,-49,-39,-27,-12,0,-34,-16,-145,-132,-600,-600,-6540,-4682,-29979,-29980,-29980,-29981]} 1. e4 c5 2. Nf3 a6 3. c3 d5 4. exd5 Qxd5 5. d4 Bg4 6. Be2 {B28: Sicilian: 2 Nf3 a6 (O'Kelly Variation)} e6 7. h3 Bh5 8. O-O (8. Be3 Nd7 9. c4 Qd6 10. Nc3 Ngf6 11. O-O cxd4 12. Nxd4 Bxe2 13. Qxe2 Be7 {½-½ (34) Bok,B (2596)-Artemiev,V (2655) Moscow 2017}) 8... Nf6 {LiveBook: 7 Games} 9. c4 Qd8 10. Qb3 Nc6 11. g4 $146 {[#] And now d5 would win.} ({Predecessor:} 11. d5 exd5 12. g4 Bg6 13. g5 dxc4 {1-0 (56) Tseitlin,M (2530)-Giffard,N (2390) Groningen 1997}) 11... Bg6 12. g5 ({Don't blunder} 12. Qxb7 $2 Na5 $19) (12. d5 $11 exd5 13. g5 dxc4 14. Bxc4) 12... Nd7 13. d5 Nd4 14. Nxd4 cxd4 15. dxe6 fxe6 16. Qxb7 Be7 17. Bg4 Rb8 18. Qg2 Nc5 $1 ({Of course not} 18... Bxg5 $6 19. f4 $14) 19. Qc6+ Qd7 20. Qxd7+ Kxd7 21. h4 (21. Bf4 $15) 21... h5 $17 {[%mdl 1024] Black has strong compensation.} 22. Be2 Rhf8 23. Rd1 $1 {[%cal Rd1d4]} e5 24. Nc3 Bd6 25. Nd5 Ne4 26. Rf1 a5 27. Kg2 Nc5 28. b3 Nd3 29. Bd2 Nb4 30. f3 ({White should try} 30. Bxb4 $15 axb4 31. Rad1) 30... Nxd5 31. cxd5 d3 32. Bd1 Ba3 33. Bxa5 Kd6 34. Bd2 Kxd5 35. Rb1 {next b4 is good for White.} Bb4 36. Be3 $1 Ra8 37. a4 Rac8 $36 {[%mdl 2048] White is under pressure.} 38. Rb2 e4 39. Ra2 {[#]} (39. Kg1 $11 {remains equal.}) 39... exf3+ $1 40. Bxf3+ $2 {[%mdl 8192]} (40. Kg1 $17) 40... Be4 $19 41. Bd2 Bxd2 42. Rxd2 Rxf3 43. Rxf3 Rc2 {Precision: White = 42%, Black = 77%.} 0-1

[Event "RUS Cup Final Men 2017"]
[Site "Khanty-Mansiysk"]
[Date "2017.12.06"]
[Round "1.2"]
[White "Chigaev, Maksim"]
[Black "Paravyan, David"]
[Result "0-1"]
[WhiteElo "2555"]
[BlackElo "2589"]
[Annotator "TA"]
[PlyCount "84"]
[EventDate "2017.??.??"]
[EventType "k.o."]
[EventCountry "RUS"]
[SourceTitle "playchess.com"]
[Source "ChessBase"]
[SourceQuality "1"]

{[%evp 13,84,10,19,19,21,12,20,16,19,9,19,11,45,1,3,0,0,0,0,0,0,0,0,0,0,-308,-308,-287,-356,-311,-224,-452,-124,-108,-133,-133,-114,-131,-129,-125,-122,-121,-121,-133,-135,-149,-146,-246,-246,-254,-248,-269,-247,-443,-427,-398,-330,-335,-335,-321,-281,-281,-280,-275,-166,-579,-551,-877,-877,-877,-857,-857,-794]} 1. d4 Nf6 2. Bg5 d5 3. Nd2 c5 4. e3 (4. dxc5 e6 5. Nb3 Nbd7 6. e3 h6 7. Bh4 Nxc5 8. Nxc5 Bxc5 9. Nf3 O-O 10. Bd3 b6 11. O-O Bb7 {½-½ (47) Carlsen,M (2832)-So,W (2815) chess.com INT 2017}) 4... Nc6 5. c3 cxd4 6. exd4 {D00: 1 d4 d5: Unusual lines} Bf5 7. Ngf3 e6 {LiveBook: 4 Games} 8. Nh4 {The position is equal.} h6 $146 ({Predecessor:} 8... Bg6 9. Nxg6 hxg6 10. Bd3 Be7 11. Qe2 Nh5 12. Bxe7 Qxe7 {1-0 (37) Laznicka,V (2672)-Areshchenko,A (2677) Chartres 2017}) 9. Bxf6 Qxf6 10. Nxf5 Qxf5 11. g3 e5 12. Bb5 Bd6 13. Qa4 (13. dxe5 {with more complications.} Qxe5+ 14. Kf1 O-O 15. Kg2 Bc5 16. Re1) 13... O-O 14. Bxc6 bxc6 15. Qxc6 exd4 16. Qxd6 {And now 0-0 would win.} dxc3 17. bxc3 {0-0 is the strong threat.} Qd3 18. Kd1 $1 Rae8 {Hoping for ...Re2.} 19. Qb4 $2 {[%mdl 8192]} (19. Re1 $11) 19... Re2 $19 {[%csl Ge2][%cal Rd3d2]} 20. Qb2 {White wants to play Qc2.} Rfe8 $1 ({Weaker is} 20... Rxf2 21. Qc2 $15) 21. a4 Rxf2 {( -> ...Ree2)} 22. Qc2 $2 {[#]} (22. Kc1 Ree2 23. Qb8+ Kh7 24. Qb1 Rxd2 25. Qxd3+ Rxd3 26. Ra3) 22... Rxd2+ $1 {[%mdl 512]} 23. Qxd2 $17 Qf3+ 24. Kc2 Re2 $40 {[%mdl 128] Black attacks with force.} 25. Rhe1 Rxd2+ 26. Kxd2 {[%mdl 4096] Endgame KQ-KRR} a5 27. Re8+ Kh7 28. Re2 Qg4 29. Rf2 d4 30. c4 (30. Rf4 $17 {was necessary.} dxc3+ 31. Kxc3) 30... Qe6 $19 {White must now prevent ...Qe3+.} 31. Rf3 Qxc4 32. Rd3 Qd5 33. Rf1 $2 (33. Raa3) 33... Qa2+ 34. Ke1 Qxa4 35. Rf4 Qa1+ 36. Ke2 Qb2+ 37. Rd2 Qb5+ 38. Kf2 d3 39. Rxf7 $2 (39. Rf3) 39... a4 {[%cal Ba5a4,Ba4a3][%mdl 32] Black is clearly winning.} 40. Kg2 Qc6+ 41. Rf3 a3 42. Rdxd3 Qc2+ {Precision: White = 45%, Black = 67%.} 0-1

[Event "RUS Cup Final Men 2017"]
[Site "Khanty-Mansiysk"]
[Date "2017.12.06"]
[Round "1.2"]
[White "Moiseenko, Vadim"]
[Black "Kokarev, Dmitry"]
[Result "1/2-1/2"]
[WhiteElo "2552"]
[BlackElo "2615"]
[Annotator "TA"]
[PlyCount "84"]
[EventDate "2017.??.??"]
[EventType "k.o."]
[EventCountry "RUS"]
[SourceTitle "playchess.com"]
[Source "ChessBase"]
[SourceQuality "1"]

{[%evp 33,84,33,33,29,31,31,31,31,31,31,41,39,54,35,32,22,16,20,35,21,25,17,54,15,52,23,30,7,3,5,25,9,14,8,10,0,7,0,0,0,0,0,0,0,0,0,0,0,0,0,0,0,0]} 1. e4 c5 2. Nf3 d6 3. d4 cxd4 4. Nxd4 Nf6 5. Nc3 a6 6. Be3 e5 7. Nf3 Be7 8. Bc4 O-O 9. O-O Nc6 10. Bb3 Be6 11. Qe2 Na5 12. Rfd1 Nxb3 13. axb3 Qc7 {B90: Sicilian Najdorf: Unusual White 6th moves, 6 Be3 Ng4 and 6 Be3 e5} 14. Bg5 Nh5 15. Be3 Nf6 16. Bg5 Nh5 17. Nxe5 Bxg5 {LiveBook: 8 Games} 18. Qxh5 Bf6 19. Nf3 Bxc3 20. bxc3 Qxc3 21. Nd4 Rfe8 22. Qa5 Rac8 23. Qxc3 Rxc3 {[#]} 24. Ra5 $146 Kf8 25. f3 Ke7 26. Kf2 Rec8 27. Rd2 R3c5 28. Ra1 Rc3 29. Re1 Bd7 30. Ke2 a5 31. Ra1 b6 32. Rd3 (32. Kf2 {feels hotter.} R3c5 33. c4 a4 34. Ra3 Ra5 35. Ne2) 32... h5 {The position is equal.} 33. Rxc3 Rxc3 $11 {[%mdl 4096] Endgame KRB-KRN} 34. h4 Rc5 35. Kd3 f5 36. Re1 Kf6 37. exf5 Bxf5+ 38. Nxf5 Rxf5 {KR-KR} 39. c4 Re5 40. Re4 d5 41. Rf4+ Ke6 42. g4 hxg4 {Precision: White = 39%, Black = 70%.} 1/2-1/2

[Event "RUS Cup Final Men 2017"]
[Site "Khanty-Mansiysk"]
[Date "2017.12.06"]
[Round "1.2"]
[White "Lintchevski, Daniil"]
[Black "Alekseenko, Kirill"]
[Result "1/2-1/2"]
[WhiteElo "2548"]
[BlackElo "2590"]
[Annotator "TA"]
[PlyCount "80"]
[EventDate "2017.??.??"]
[EventType "k.o."]
[EventCountry "RUS"]
[SourceTitle "playchess.com"]
[Source "ChessBase"]
[SourceQuality "1"]

{[%evp 18,80,16,19,29,16,39,26,45,20,30,11,11,13,20,0,0,0,2,0,4,0,0,0,0,0,0,0,0,0,0,0,0,0,0,0,0,0,0,0,0,0,0,0,0,0,0,0,0,0,0,0,0,0,0,0,0,0,0,0,0,0,0,0,0]} 1. Nf3 Nf6 2. d4 e6 3. c4 b6 4. g3 Ba6 5. b3 Bb4+ 6. Bd2 Be7 7. Bg2 O-O 8. Nc3 d5 9. O-O Bb7 10. Ne5 {LiveBook: 66 Games. E15: Queen's Indian: 4 g3 sidelines, 4 g3 Ba6 and 4 g3 Bb7 early deviations} c6 (10... Nbd7 11. Bg5 h6 12. Nxd7 Qxd7 13. Bxf6 Bxf6 14. cxd5 exd5 15. Rc1 Rfe8 16. e3 a5 17. Qc2 Be7 {½-½ (78) Onischuk,A (2662)-Oparin,G (2569) Moscow 2015}) 11. Bf4 Nfd7 12. Nf3 $146 {White is slightly better.} ({Predecessor:} 12. Nxd7 Nxd7 13. Rc1 f5 14. cxd5 exd5 15. Qd3 Ba3 16. Rc2 a5 17. Nb1 Be7 {½-½ (35) Berner,R (2239)-Skowronek,J (2274) Remote email 2013}) 12... f5 13. Rc1 Nf6 14. Ne5 Nbd7 {The position is equal.} 15. Nd3 Ne4 16. Nxe4 dxe4 17. Ne5 Bf6 18. c5 Nxe5 19. Bxe5 Bxe5 20. dxe5 Qd5 21. f4 Rfd8 22. e3 Qd2 23. Qxd2 Rxd2 24. Rf2 Rad8 25. Bf1 Kf7 26. Rc2 Rd1 27. Kg2 Ke7 28. Be2 Re1 29. Rf1 Rxe2+ 30. Rxe2 $11 {[%mdl 4096] Endgame aiming for Rc1. KRR-KRB} Ba6 31. Kf2 Bxe2 32. Kxe2 {KR-KR} b5 33. Rd1 Rxd1 34. Kxd1 {KP-KP} a5 35. a4 b4 36. Ke2 Kf7 37. Kf2 Kg6 38. h3 h5 39. h4 Kf7 40. Ke2 g6 {Precision: White = 83%, Black = 73%.} 1/2-1/2

[Event "RUS Cup Final Men 2017"]
[Site "Khanty-Mansiysk"]
[Date "2017.12.06"]
[Round "1.2"]
[White "Triapishko, Alexandr"]
[Black "Jakovenko, Dmitry"]
[Result "0-1"]
[WhiteElo "2536"]
[BlackElo "2730"]
[Annotator "TA"]
[PlyCount "90"]
[EventDate "2017.??.??"]
[EventType "k.o."]
[EventCountry "RUS"]
[SourceTitle "playchess.com"]
[Source "ChessBase"]
[SourceQuality "1"]

{[%evp 13,90,8,14,0,7,0,17,0,0,-18,-3,-21,-20,-30,-19,-27,-16,-35,-29,-55,-59,-43,-47,-52,-46,-86,-57,-58,-63,-125,-118,-164,-174,-164,-150,-230,-227,-222,-228,-215,-210,-333,-316,-363,-352,-347,-314,-326,-328,-360,-311,-301,-301,-156,-296,-295,-181,-272,-261,-515,-427,-419,-310,-623,-624,-571,-569,-1710,-475,-1690,-669,-29977,-29976,-29983,-29984,-29984,-29985,-29985,-29986]} 1. Nf3 d5 2. g3 Bg4 3. Bg2 c6 4. c4 e6 5. O-O Nf6 6. d3 dxc4 {A11: English Opening: 1...c6} (6... Bd6 7. Qb3 Qb6 8. Be3 Qxb3 9. axb3 a6 10. h3 Bxf3 11. Bxf3 Nbd7 12. Rc1 Ke7 13. Nc3 Rhc8 14. d4 {1-0 (53) Aronian,L (2799)-Matlakov,M (2728) Tbilisi 2017}) 7. dxc4 Nbd7 {LiveBook: 24 Games} 8. b3 Qc7 {The position is equal.} 9. Nc3 Bc5 $146 ({Predecessor:} 9... Bb4 10. Bb2 O-O 11. Qc2 Rfd8 12. Rfd1 Bc5 13. Ng5 Bf5 14. Nce4 h6 15. Nxf6+ Nxf6 {½-½ (31) Taushanov,M (1914)-Kreiner,S Mureck 2009}) 10. Na4 Be7 11. Be3 O-O 12. h3 Bf5 13. Nh4 Be4 14. Bf4 e5 15. Bg5 Bxg2 16. Nxg2 Rfd8 17. Qc2 Nf8 18. Bxf6 Bxf6 ({But not} 18... gxf6 19. Nh4 $11) 19. Ne3 Ne6 20. Ng4 Be7 21. e3 (21. Qf5 $15) 21... g6 $17 22. f4 exf4 23. gxf4 f5 24. Nh6+ (24. Nh2 $17) 24... Kg7 $19 25. Nxf5+ gxf5 26. Qxf5 Nf8 {[%cal Be6f8,Bf8g6,Bg6h4][%mdl 32]} 27. Rf2 (27. Rad1 {was called for.}) 27... Ng6 28. Kh2 Kh8 29. Rg1 Rg8 30. Rg4 Rae8 31. Rfg2 Nh4 32. Rxg8+ Rxg8 33. Rxg8+ Kxg8 34. Qe6+ Kg7 35. Kg3 (35. Nc3 $142) 35... Ng6 {[#] Threatens to win with ...Qa5.} 36. Nb2 $2 (36. Nc3) 36... Qd8 {aiming for ...Qd2.} 37. Qe4 Qd2 {And now ...Bh4+ would win.} 38. Nd3 $2 (38. Qd4+ Qxd4 39. exd4) 38... Bh4+ 39. Kg4 Bf6 {[#] Strongly threatening ...Nh4.} 40. Kf5 Qa5+ (40... Nh4+ $142 41. Ke6 Qa5) 41. c5 (41. Ne5 $142 Bxe5 42. fxe5) 41... Qxa2 (41... Nh4+ $142 42. Kg4 Qxa2) 42. Qc4 Qg2 {Black mates.} 43. Ke6 Qxh3+ 44. f5 Qxe3+ 45. Kd7 Qxd3+ {Precision: White = 26%, Black = 67%.} 0-1

[Event "RUS Cup Final Men 2017"]
[Site "Khanty-Mansiysk"]
[Date "2017.12.06"]
[Round "1.2"]
[White "Lomasov, Semen"]
[Black "Ponkratov, Pavel"]
[Result "1-0"]
[WhiteElo "2516"]
[BlackElo "2613"]
[Annotator "TA"]
[PlyCount "145"]
[EventDate "2017.??.??"]
[EventType "k.o."]
[EventCountry "RUS"]
[SourceTitle "playchess.com"]
[Source "ChessBase"]
[SourceQuality "1"]

{[%evp 18,145,31,31,22,23,45,19,35,41,34,33,36,36,36,36,49,22,29,25,36,36,36,36,36,36,36,34,36,36,36,36,43,43,43,43,43,43,43,36,36,36,57,36,36,36,36,36,36,43,43,43,43,36,43,43,56,56,70,64,64,64,64,64,64,64,64,64,64,64,64,64,64,64,160,64,64,64,64,64,64,64,75,57,64,57,75,76,193,167,283,283,353,353,353,353,339,339,339,325,492,483,487,449,477,464,487,481,661,661,661,661,661,658,650,647,620,581,12833,11135,12842,12843,12845,12844,12846,12847,12847,12846,12846,12846]} 1. e4 g6 2. d4 Bg7 3. Nc3 d5 4. exd5 Nf6 5. Bc4 Nbd7 6. Bg5 {B06: Modern Defence} (6. Nf3 Nb6 7. Bb3 O-O 8. O-O a5 9. a3 a4 10. Ba2 Nbxd5 11. Nxd5 Nxd5 12. Bg5 Bf6 13. Qd2 c6 14. Rfe1 {½-½ (38) Swiercz,D (2649)-Djukic,N (2526) Minsk 2017}) 6... O-O 7. Nge2 Nb6 8. Bxf6 exf6 9. Bb3 a5 10. a4 {LiveBook: 4 Games} c6 11. O-O f5 $146 ({Predecessor:} 11... cxd5 12. Nf4 f5 13. Re1 Qd6 {1-0 (35) Ninov,N (2458)-Pezelj,N (2438) Nea Moudania 2016}) 12. Re1 Nxd5 13. Nxd5 cxd5 14. Nf4 Ra6 15. c3 Rd6 16. Nd3 Bh6 17. f4 Bg7 18. Qd2 b6 19. Bd1 Be6 20. Bf3 Bf6 21. g3 Qc7 22. Rec1 Kg7 23. Ne5 Rc8 24. Be2 Rdd8 25. Ba6 Ra8 26. Bb5 Qd6 27. Kg2 Rac8 28. Rh1 Rc7 29. h3 Rh8 30. h4 h5 31. Rhe1 Bc8 32. Re3 Bb7 33. Nf3 Re7 34. Rxe7 Bxe7 35. Re1 Rc8 36. Qe2 Rc7 37. Qe5+ Kg8 38. Qxd6 Bxd6 39. Nd2 Be7 40. Nf1 Bc8 41. Ne3 Be6 42. Be2 Kf8 43. Bf3 Rd7 44. Kf2 Bf6 45. Re2 Be7 {[#]} (45... Rd6 $14) 46. Ke1 ({White should play} 46. c4 $1 $16 {[%mdl 512]}) 46... Rd6 47. Kd2 Ke8 48. Kd3 Kd8 49. Re1 Rd7 50. Rb1 Bf8 51. b3 Be7 52. Ke2 Kc7 {[#]} (52... Rd6 $16) 53. c4 $1 $18 {[%cal Rc4d5]} dxc4 (53... Rd6 $142) 54. d5 cxb3 55. dxe6 fxe6 56. Rxb3 Rd4 57. Rc3+ Bc5 58. Rc4 Kd6 (58... Kd8 {might work better.} 59. Rxd4+ Bxd4) 59. Rxd4+ {White is clearly winning.} Bxd4 60. Kd3 Kc5 61. Nc4 Bf2 62. Ne5 b5 63. axb5 a4 64. Nxg6 Kxb5 65. Bxh5 a3 {Strongly threatening ...a2.} 66. Kc3 Kc6 67. Be2 Bxg3 68. h5 {[%cal Bh4h5,Bh5h6,Bh6h7][%mdl 32]} Bf2 69. Bc4 Be3 70. h6 Kd6 71. h7 Bc1 72. Ne5 Bxf4 73. Nf7+ {Precision: White = 77%, Black = 50%.} 1-0

[Event "RUS Cup Final Men 2017"]
[Site "Khanty-Mansiysk"]
[Date "2017.12.06"]
[Round "1.2"]
[White "Golubov, Saveliy"]
[Black "Grachev, Boris"]
[Result "1/2-1/2"]
[WhiteElo "2488"]
[BlackElo "2657"]
[Annotator "TA"]
[PlyCount "56"]
[EventDate "2017.??.??"]
[EventType "k.o."]
[EventCountry "RUS"]
[SourceTitle "playchess.com"]
[Source "ChessBase"]
[SourceQuality "1"]

{[%evp 20,56,16,20,43,43,58,57,50,53,46,36,40,41,38,37,35,35,33,32,40,22,22,22,24,25,25,25,53,42,35,0,21,0,33,0,35,0,37]} 1. d4 d5 2. Nf3 Nf6 3. e3 c6 4. c4 Bg4 5. Nbd2 Nbd7 6. h3 Bh5 7. Bd3 e6 {D04: Colle System} 8. O-O (8. b3 Be7 9. Bb2 O-O 10. O-O a5 11. a3 Bg6 12. Bxg6 hxg6 13. Qc2 Re8 {1-0 (39) Anton Guijarro,D (2650)-Potkin,V (2597) Tallinn 2016}) 8... Bd6 9. b3 O-O 10. Bb2 Qe7 11. Qc2 {LiveBook: 4 Games} e5 12. dxe5 Nxe5 13. Nxe5 Bxe5 14. Bxe5 Qxe5 15. cxd5 Qxd5 {[#] Strongly threatening ...Rad8.} 16. Ne4 Nxe4 17. Bxe4 Bg6 18. Bxg6 hxg6 19. Rad1 $146 ({Predecessor:} 19. Rfd1 Qe5 {½-½ (19) Benderac,A (2324)-Houska,J (2393) Belgrade 2008}) 19... Qe6 20. Rd4 Rfd8 21. Rfd1 Qe7 22. Qd2 {[%cal Rd4d8]} Rxd4 23. Qxd4 $11 {[%mdl 4096] Endgame KQR-KQR} a5 24. Qd7 Kf8 25. Qd4 Qb4 26. Qd7 Qe7 $1 27. Qd4 Qb4 28. Qd7 Qe7 $1 {Precision: White = 77%, Black = 68%.} 1/2-1/2

[Event "RUS Cup Final Men 2017"]
[Site "Khanty-Mansiysk"]
[Date "2017.12.06"]
[Round "1.3"]
[White "Predke, Alexandr"]
[Black "Shaposhnikov, Evgeny"]
[Result "0-1"]
[WhiteElo "2599"]
[BlackElo "2563"]
[Annotator "TA"]
[PlyCount "134"]
[EventDate "2017.??.??"]
[EventType "k.o."]
[EventCountry "RUS"]
[SourceTitle "playchess.com"]
[Source "ChessBase"]
[SourceQuality "1"]

{[%evp 23,134,29,78,78,84,66,81,77,88,79,93,-215,33,32,31,23,24,0,0,0,39,0,22,29,35,52,44,48,39,0,323,93,87,68,195,200,187,-37,-32,-677,-95,-252,-220,-233,-223,-425,-464,-464,-455,-454,-458,-453,-454,-436,-422,-428,-429,-415,-324,-661,-616,-984,-977,-949,-969,-913,-854,-962,-925,-1072,-1099,-1068,-1050,-973,-791,-12839,-12837,-12839,-12839,-12838,-775,-12846,-12847,-12847,-12847,-12848,-12848,-12850,-12850,-12850,-29947,-12851,-12851,-12851,-12851,-12851,-12851,-12851,-12851,-12851,-12851,-12851,-12851,-12851,-12851,-12851,-12851,-12851,-29964,-12851,-29976,-12851,-29981]} 1. d4 e6 2. e4 d5 3. Nc3 Nf6 4. e5 Nfd7 5. f4 c5 6. Nf3 Nc6 7. Be3 Qb6 8. Na4 Qa5+ 9. c3 b6 10. Bd2 c4 11. b4 Qa6 {C11: French: Classical System: 4 e5 and 4 Bg5 dxe4} 12. Nb2 Qa3 {LiveBook: 3 Games} 13. Nxc4 $1 dxc4 {White is better.} 14. Bxc4 Ba6 15. Bb3 $1 {Bc1 is the strong threat.} Nxb4 16. cxb4 Bxb4 17. Ng5 $146 {[%mdl 8192] [#]} (17. Bxb4 $16 Qxb4+ 18. Qd2) ({Predecessor:} 17. Bxb4 Qxb4+ 18. Qd2 Qe7 19. Kf2 {½-½ (28) Tebb,D (2215)-Luther,T (2570) Liverpool 2008}) 17... O-O $2 (17... Nc5 $1 $19 {[%cal Rc5d3][%mdl 512]} 18. Kf2 (18. dxc5 $2 Rd8 $19) 18... Rd8) 18. Bxb4 $14 Qxb4+ 19. Qd2 Qe7 20. Qc2 {[%csl Gg5][%cal Rc2h7]} Qb4+ 21. Qd2 $1 {[%cal Rd2b4]} Qe7 22. Rc1 $40 {[%mdl 128] White mounts an attack.} Rac8 23. Kf2 Bb7 24. Qd3 {[%csl Gg5][%cal Rd3h7]} g6 25. Qh3 {[%csl Gg5][%cal Rh3h7]} h5 {[#]} 26. Nxe6 $1 {[%mdl 512]} Qa3 $2 {[%mdl 8192]} (26... Qb4 $1 $11 {and Black is okay.} 27. Qd3 (27. Nxf8 Qd2+ 28. Kg3 Rxc1 $15) 27... Ba6 28. Qxa6 Rxc1 29. Rxc1 Qd2+ 30. Qe2 Qxc1 31. Nxf8 Qxf4+ 32. Ke1 Nxf8) (26... fxe6 27. Qxe6+) 27. Rxc8 $2 (27. Nxf8 Qb2+ 28. Kg3 Rxc1 $11) (27. Qe3 $1 $18 {and the rest is easy.}) 27... Rxc8 $16 28. Re1 $1 {aiming for Qe3.} Qb2+ (28... Qb4 $1 $14) 29. Re2 $18 Qc1 30. Qh4 $2 ({Better is} 30. Qg3 $1 $18 Qa1 31. Ng5 Qxd4+ 32. Qe3 Qxe3+ 33. Kxe3 (33. Rxe3 Nc5 $16)) 30... Ba6 $15 31. Nc5 $2 {[%mdl 8192]} (31. Re1 $15 Qd2+ 32. Kg1) 31... Nxc5 $2 {[#]} (31... Bxe2 $19 {and Black stays clearly on top.} 32. Bxf7+ Kg7) 32. Bxf7+ $1 {[%mdl 512]} Kxf7 $19 33. Qf6+ {[#]} Ke8 $1 34. Qxg6+ $2 {[#]} (34. dxc5 {is the only way for White.} Qxc5+ 35. Re3) 34... Kd8 $1 35. Qd6+ Nd7 36. e6 {[%csl Ge6][%cal Rd6d7]} Qc6 37. Qxd7+ Qxd7 38. exd7 Kxd7 {[%mdl 4096] Endgame KRB-KR} 39. Re5 Rc2+ 40. Kf3 Bb7+ 41. d5 $2 (41. Ke3) 41... Kd6 42. Rxh5 Bxd5+ 43. Ke3 Rxg2 44. a3 Kc5 45. Rh8 Ra2 46. Rc8+ Bc6 47. f5 Rxh2 48. f6 Rh3+ 49. Kf4 Rf3+ 50. Ke5 b5 51. Ke6 Kb6 52. f7 {[#]} Bd7+ $1 {[%mdl 512]} 53. Kxd7 Rxf7+ {KR-KR} 54. Kd6 Rf3 55. a4 Rd3+ 56. Ke5 bxa4 57. Ke4 Rd7 58. Rc1 Ka5 59. Ra1 Kb4 60. Rb1+ Kc3 61. Ra1 Kb3 62. Rb1+ Ka2 63. Rb4 a3 64. Ke3 Rd5 65. Rb7 a6 66. Rb6 Rb5 (66... a5 $19 67. Rb7 Ka1) 67. Rh6 Kb3 {Precision: White = 29%, Black = 48%.} (67... a5 $19 68. Kd4 Kb3 69. Rh3+ Ka4) 0-1